000 00788nam a22002537a 4500
003 CHAP
005 20220329135019.0
008 971013s r 00010 d
010 _a29572
011 _a30544
035 _a34656
040 _cCHAP
090 _aR-42
100 0 0 _aKrzyzewski, J.
_964005
245 _aInducing protective coatings on railway cross-ties through controlled bleeding
500 _aSobretiro de : The Proceedings of the American Wood Preservers' Association. 1967. p. 1-5
590 _aBATCH-UPD
_b10
_c20130110
_lUCH01
_h0230
590 _aBATCH-UPD
_b10
_c20130110
_lUCH01
_h2116
590 _aCONVERSION
_b10
_c20130109
_lUCH01
_h1317
650 1 4 _aDurmientes.
_934661
901 _aBK
942 _cREIMP
949 _aR-42
_bBC
_cR
_d-80158
_eTS1
_i34656
_si
999 _c29572
_d29572